| 000 | 01547nam a2200325 a 4500 | ||
|---|---|---|---|
| 001 | BRCA_4926 | ||
| 005 | 20190320204848.0 | ||
| 008 | 211010s1822----mx-#######---#000-0#spa-# | ||
| 041 | _aspa | ||
| 044 | _amx | ||
| 084 |
_aDOC22 _b.L67 _c1822 |
||
| 100 | 1 |
_aLópez de Santa Anna, Antonio _d1794-1876 _912497 |
|
| 245 | 1 | 0 |
_aDocumento firmado por Don Antonio López de Santa Anna _cAntonio López de Santa Anna. |
| 260 |
_aMéxico _c1822 |
||
| 300 |
_a[3] fojas _c31 x 21 cm. |
||
| 500 | _aDocumento firmado el 3 de diciembre de 1822. | ||
| 500 | _aDocumento que contiene un manifiesto autógrafo de Don Antonio López de Santa Anna dirigido a la Nación Mexicana, entregado en el Cuartel General de Veracruz, proclamando a la República en contra de el Imperio de Don Agustín de Iturbide. | ||
| 500 | _aEl documento contiene la leyenda DOC. #31. | ||
| 500 | _aPapel con marca de agua. | ||
| 500 | _aEstado de conservación: Contiene dobleces en los margenes, mancha de acidez en la segunda foja y anotaciones con tinta roja. | ||
| 506 | 0 | _aFondo Reservado. Para su consulta es necesario credencial de usuario y carta de motivos. | |
| 546 | _aTexto en: español de principios del siglo XIX. | ||
| 600 | 1 | 4 |
_aLópez de Santa Anna, Antonio _d1794-1876 _xHistoria _912498 |
| 650 | 1 | 4 |
_aGolpes de estado _zMéxico _912499 |
| 651 | 4 |
_aMéxico _xHistoria _yPrimeros gobiernos independientes, 1821-1824 _912500 |
|
| 653 | 0 | _aPrimer Imperio Mexicano. | |
| 700 | 1 |
_aIturbide, Agustín de _d1783-1824 _912501 |
|
| 902 | _aFDH | ||
| 942 |
_2lcc _cD |
||
| 999 |
_c4620 _d4620 |
||